Счетные ведомости о приходе и расходе сумм Виленского университета в 2-х экземплярах за 1824 год

Доступно только в Электронных читальных залах Найти на картеНа карте
RUSMARC
00003734nmc2a2200000 x 450
0010edc2983-3a58-4f60-970b-2875c4551a4d
00520161110123821.0
100##$a20141006l18241825k l0rusy0189 ca
1010#$arus
102##$aRU
2001#$aСчетные ведомости о приходе и расходе сумм Виленского университета в 2-х экземплярах за 1824 год
$j1824-1825 гг.
251##$cДело
300##$aДело
801#0$aRU
$bРГИА
$c20141006
$gRCR
801#1$aRU
$bГлавНИВЦ
$c20141006
$2rusmarc
801#2$aRU
$bПБ им. Б.Н. Ельцина
$c20161110
$gRCR
$2rusmarc
850##$aРГИА
852##$aРГИА
$eФедеральное казенное учреждение "Российский государственный исторический архив" (РГИА)
$j66
937##$hРГИА
$d11184143
$aASBIBLIO_SCAN
462#0$10017c6cddea-108b-460c-a178-7cc6b14198e9
$12001
$aВедомости о поиезуитских доходах казенных палат губерний, входящих в состав Виленского учебного округа
$1251
$cОпись
$1852
$j76
461#0$1001a74412a3-3cc5-4d21-8f0a-dfe2fbd9e72d
$12001
$aДепартамент народного просвещения Министерства народного просвещения (1803-1917)
$1251
$cФонд
$1852
$j733
215##$a253 л.
$d36,5х26 см
371##$aДокумент не является опубликованным и широко распространяемым
105##$ay###
1222#$ad
035##$a0edc2983-3a58-4f60-970b-2875c4551a4d
856##$uhttp://readingroom.main.prlib.ru/item.aspx?id_node=n89840396&mode=full
Формат отображения